[Event "Mecklenburg VP LL2 Ost 2122"]
[Site "Mecklenburg VP"]
[Date "2022.04.24"]
[Round "5.2"]
[White "Rosin, Ralf"]
[Black "Leisner, Ekkehardt"]
[Result "0-1"]
[WhiteElo "1963"]
[BlackElo "1848"]
[PlyCount "48"]
[EventDate "2021.10.24"]
[EventType "team-tourn"]
[EventRounds "9"]
[EventCountry "GER"]
[SourceTitle "EXT 2024"]
[Source "ChessBase"]
[SourceDate "2023.10.10"]
[SourceVersion "1"]
[SourceVersionDate "2023.10.10"]
[SourceQuality "1"]
[WhiteTeam "Motor Wolgast"]
[BlackTeam "Neubrandenburg II"]
[WhiteTeamCountry "GER"]
[BlackTeamCountry "GER"]

1. d4 Nf6 2. c4 e6 3. Nc3 d5 4. e3 Be7 5. Nf3 0-0 6. h4 a6 7. Qc2 dxc4 8. Bxc4 b5 9. Bd3 Bb7 10. h5 h6 11. a3 Nbd7 12. e4 c5 13. e5 Nd5 14. Nxd5 Bxd5 15. Be3 Rc8 16. Qd2 f5 17. exf6 Rxf6 18. Ne5 cxd4 19. Bxd4 Nc5 20. Bxc5 Bxc5 21. Ng4 Rf7 22. 0-0 Qh4 23. Qe2 Rf4 24. Ne5 Qg3 0-1

[Event "Mecklenburg VP VL 1718"]
[Site "Mecklenburg VP"]
[Date "2018.02.25"]
[Round "6.8"]
[White "Leisner, Ekkehardt"]
[Black "Helms, Sven"]
[Result "1/2-1/2"]
[WhiteElo "1779"]
[BlackElo "1884"]
[PlyCount "44"]
[EventDate "2017.10.08"]
[EventType "team-tourn"]
[EventRounds "9"]
[EventCountry "GER"]
[SourceTitle "EXT 2022"]
[Source "ChessBase"]
[SourceDate "2021.10.06"]
[SourceVersion "1"]
[SourceVersionDate "2021.10.06"]
[SourceQuality "1"]
[WhiteTeam "Neubrandenburg SG Eintracht"]
[BlackTeam "Schwerin SF II"]
[WhiteTeamCountry "GER"]
[BlackTeamCountry "GER"]

1. c4 e6 2. Nf3 d5 3. e3 Nf6 4. Nc3 Be7 5. d4 0-0 6. Bd3 Nbd7 7. cxd5 exd5 8. 0-0 c5 9. Bb1 b6 10. dxc5 Nxc5 11. Nd4 Bb7 12. a3 Rc8 13. Bf5 Ra8 14. b4 Nce4 15. Bb2 Nxc3 16. Bxc3 Ne8 17. Qe2 Nd6 18. Bd3 Bf6 19. Rac1 Rc8 20. Ba1 Qd7 21. Rfd1 Rxc1 22. Rxc1 Rc8 1/2-1/2

[Event "Mecklenburg VP VL 1718"]
[Site "Mecklenburg VP"]
[Date "2017.11.26"]
[Round "3.8"]
[White "Leisner, Ekkehardt"]
[Black "Ebert, Lutz"]
[Result "1/2-1/2"]
[WhiteElo "1779"]
[BlackElo "1723"]
[PlyCount "83"]
[EventDate "2017.10.08"]
[EventType "team-tourn"]
[EventRounds "9"]
[EventCountry "GER"]
[SourceTitle "EXT 2022"]
[Source "ChessBase"]
[SourceDate "2021.10.06"]
[SourceVersion "1"]
[SourceVersionDate "2021.10.06"]
[SourceQuality "1"]
[WhiteTeam "Neubrandenburg SG Eintracht"]
[BlackTeam "Guestrow/Teterow"]
[WhiteTeamCountry "GER"]
[BlackTeamCountry "GER"]

1. c4 e5 2. g3 c6 3. d4 Bb4+ 4. Bd2 Bxd2+ 5. Qxd2 exd4 6. Qxd4 Qf6 7. Qd2 Qe6 8. Qc2 Nf6 9. Bg2 0-0 10. Nf3 d5 11. b3 Na6 12. 0-0 dxc4 13. bxc4 Qf5 14. Qb2 Nc5 15. Nbd2 Re8 16. Nd4 Qh5 17. N2f3 Bh3 18. Rab1 Bxg2 19. Kxg2 Ng4 20. h3 Ne5 21. Qc2 Rad8 22. Rfd1 Nxf3 23. Nxf3 f6 24. Rxd8 Rxd8 25. Rd1 Qe8 26. e3 Rxd1 27. Qxd1 Qd7 28. Qd4 Qxd4 29. exd4 Ne4 30. Kf1 Kf7 31. a3 Ke6 32. Ke2 a6 33. Nd2 Nd6 34. Kd3 b5 35. f3 h5 36. Kc3 f5 37. Kb4 Nb7 38. a4 a5+ 39. Kc3 b4+ 40. Kd3 g6 41. Nb3 Kd6 42. Ke3 1/2-1/2

[Event "Mecklenburg VP LL2 Ost 1617"]
[Site "Mecklenburg VP"]
[Date "2016.11.06"]
[Round "2.4"]
[White "Leisner, Ekkehardt"]
[Black "Ivanov, Sergey V"]
[Result "0-1"]
[WhiteElo "1713"]
[BlackElo "1735"]
[PlyCount "72"]
[EventDate "2016.10.16"]
[EventType "team-tourn"]
[EventRounds "9"]
[EventCountry "GER"]
[SourceTitle "EXT 2022"]
[Source "ChessBase"]
[SourceDate "2021.10.06"]
[SourceVersion "1"]
[SourceVersionDate "2021.10.06"]
[SourceQuality "1"]
[WhiteTeam "Neubrandenburg SG Eintracht II"]
[BlackTeam "Rostock HSG Uni"]
[WhiteTeamCountry "GER"]
[BlackTeamCountry "GER"]

1. c4 f5 2. Nf3 Nf6 3. Nc3 d6 4. d4 e6 5. e3 Be7 6. Bd3 0-0 7. 0-0 b6 8. Re1 d5 9. Ne5 Bb7 10. Qc2 Nbd7 11. Nxd7 Qxd7 12. f3 c5 13. cxd5 Nxd5 14. Nxd5 exd5 15. dxc5 Rac8 16. Qe2 Bxc5 17. Kh1 Rce8 18. Qd2 Rf6 19. b4 Bd6 20. a4 Qe7 21. Rb1 Rh6 22. h3 Qg5 23. Rf1 Qg3 24. f4 d4 25. e4 fxe4 26. Bc4+ Kh8 27. Qxd4 e3 28. Bd5 e2 29. Bb2 exf1Q+ 30. Rxf1 Bxd5 31. Qxd5 Bxf4 32. Bxg7+ Qxg7 33. Rxf4 Rhe6 34. Rg4 Re1+ 35. Kh2 Qe5+ 36. Qxe5+ R1xe5 0-1

[Event "Mecklenburg VP LL2 Ost 1617"]
[Site "Mecklenburg VP"]
[Date "2016.10.16"]
[Round "1.2"]
[White "Van Bentum, Horst"]
[Black "Leisner, Ekkehardt"]
[Result "1-0"]
[WhiteElo "1945"]
[BlackElo "1713"]
[PlyCount "69"]
[EventDate "2016.10.16"]
[EventType "team-tourn"]
[EventRounds "9"]
[EventCountry "GER"]
[SourceTitle "EXT 2022"]
[Source "ChessBase"]
[SourceDate "2021.10.06"]
[SourceVersion "1"]
[SourceVersionDate "2021.10.06"]
[SourceQuality "1"]
[WhiteTeam "Graal Mueritz"]
[BlackTeam "Neubrandenburg SG Eintracht II"]
[WhiteTeamCountry "GER"]
[BlackTeamCountry "GER"]

1. e4 c5 2. Nf3 e6 3. c3 d5 4. exd5 Qxd5 5. d4 Nf6 6. Be2 Nc6 7. 0-0 Be7 8. Be3 cxd4 9. cxd4 0-0 10. Nc3 Qa5 11. a3 a6 12. b4 Qc7 13. Qd2 Rd8 14. Rfd1 Bd7 15. Bf4 Bd6 16. Bg5 Be7 17. h3 Be8 18. Qe3 Nd5 19. Nxd5 Rxd5 20. Bc4 Bxg5 21. Nxg5 Rd6 22. Qe4 g6 23. Qh4 h5 24. Ne4 Rdd8 25. Nf6+ Kg7 26. Qg5 Nxd4 27. Nxe8+ Rxe8 28. Rxd4 e5 29. Rh4 f6 30. Qg3 g5 31. Bf1 Kh6 32. Rc4 Qg7 33. Bd3 Re7 34. Bf5 Rd8 35. Rac1 1-0

[Event "Mecklenburg VP LL2 Ost 1516"]
[Site "Mecklenburg VP"]
[Date "2016.02.21"]
[Round "6.4"]
[White "Leisner, Ekkehardt"]
[Black "Micheel, Peter"]
[Result "1/2-1/2"]
[WhiteElo "1679"]
[BlackElo "1759"]
[PlyCount "82"]
[EventDate "2015.09.20"]
[EventType "team-tourn"]
[EventRounds "9"]
[EventCountry "GER"]
[SourceTitle "EXT 2022"]
[Source "ChessBase"]
[SourceDate "2021.10.06"]
[SourceVersion "1"]
[SourceVersionDate "2021.10.06"]
[SourceQuality "1"]
[WhiteTeam "Neubrandenburg SG Eintracht II"]
[BlackTeam "Graal Mueritz"]
[WhiteTeamCountry "GER"]
[BlackTeamCountry "GER"]

1. c4 e5 2. Nc3 Nf6 3. g3 Nc6 4. Bg2 Bc5 5. e3 0-0 6. Nge2 Re8 7. d3 d6 8. 0-0 a6 9. a3 Rb8 10. b4 Ba7 11. b5 Ne7 12. Bb2 c6 13. a4 Bb6 14. d4 Bc7 15. Qb3 Be6 16. Rfd1 Qc8 17. b6 Bd8 18. d5 Bd7 19. a5 c5 20. Bc1 Ng6 21. e4 Bh3 22. Qc2 Bxg2 23. Kxg2 Qg4 24. Ng1 Nh4+ 25. Kh1 Ng6 26. f3 Qd7 27. Rf1 h6 28. Be3 Nh7 29. Qg2 Bg5 30. Rae1 Bxe3 31. Rxe3 f5 32. exf5 Qxf5 33. Ne4 Qd7 34. h4 Rf8 35. Nh3 Nf6 36. Kh2 Rf7 37. Qc2 Ne7 38. g4 Rbf8 39. Nxf6+ Rxf6 40. Kg3 Ng6 41. Re4 Nf4 1/2-1/2

[Event "Mecklenburg VP LL2 West 1415"]
[Site "Mecklenburg VP"]
[Date "2015.03.15"]
[Round "7.5"]
[White "Leisner, Ekkehardt"]
[Black "Goldbach, Aaron"]
[Result "0-1"]
[WhiteElo "1616"]
[BlackElo "1696"]
[PlyCount "90"]
[EventDate "2014.09.21"]
[EventType "team-tourn"]
[EventRounds "9"]
[EventCountry "GER"]
[SourceTitle "EXT 2022"]
[Source "ChessBase"]
[SourceDate "2021.10.06"]
[SourceVersion "1"]
[SourceVersionDate "2021.10.06"]
[SourceQuality "1"]
[WhiteTeam "Neubrandenburg SG Eintracht II"]
[BlackTeam "Mecklenburger Springer SC"]
[WhiteTeamCountry "GER"]
[BlackTeamCountry "GER"]

1. c4 Nf6 2. Nc3 e6 3. e4 d6 4. g3 Be7 5. Bg2 0-0 6. Nge2 c5 7. 0-0 Nc6 8. d4 cxd4 9. Nxd4 Nxd4 10. Qxd4 a6 11. h3 Qc7 12. b3 Rd8 13. Be3 Bd7 14. Rfd1 Bc6 15. Rd2 Rac8 16. Rc1 Nd7 17. Qd3 b5 18. cxb5 Bxb5 19. Qc2 Qa5 20. a4 Bf6 21. Bd4 Bc6 22. Qb2 Bxd4 23. Rxd4 Nf6 24. Rcd1 Be8 25. Ne2 Qb6 26. Qa3 Rc2 27. Rxd6 Rxd6 28. Rxd6 Qa5 29. Kf1 Bb5 30. axb5 Qxa3 31. Rd8+ Qf8 32. Rxf8+ Kxf8 33. bxa6 Ra2 34. e5 Ra1+ 35. Nc1 Rxc1+ 36. Ke2 Nd5 37. Kd2 Ra1 38. Bxd5 exd5 39. Kd3 Ke7 40. Kd4 Ke6 41. f4 Rxa6 42. g4 g6 43. Kc5 Ra1 44. b4 Rc1+ 45. Kb6 d4 0-1

[Event "Mecklenburg VP LL2 West 1415"]
[Site "Mecklenburg VP"]
[Date "2015.02.22"]
[Round "6.5"]
[White "Pross, Benjamin"]
[Black "Leisner, Ekkehardt"]
[Result "1/2-1/2"]
[WhiteElo "1800"]
[BlackElo "1616"]
[PlyCount "105"]
[EventDate "2014.09.21"]
[EventType "team-tourn"]
[EventRounds "9"]
[EventCountry "GER"]
[SourceTitle "EXT 2022"]
[Source "ChessBase"]
[SourceDate "2021.10.06"]
[SourceVersion "1"]
[SourceVersionDate "2021.10.06"]
[SourceQuality "1"]
[WhiteTeam "Kuehlungsborn SV Empor"]
[BlackTeam "Neubrandenburg SG Eintracht II"]
[WhiteTeamCountry "GER"]
[BlackTeamCountry "GER"]

1. e4 c5 2. Nc3 Nc6 3. g3 e5 4. Bg2 g6 5. Nge2 Bg7 6. d3 d6 7. Be3 Nge7 8. Qd2 Nd4 9. h3 Be6 10. Nd1 0-0 11. c3 Nxe2 12. Qxe2 Qc7 13. c4 f5 14. f4 Rad8 15. Nc3 Nc6 16. 0-0 Nd4 17. Bxd4 cxd4 18. Nd5 Qd7 19. Kh2 fxe4 20. Qxe4 Bf5 21. Qe2 Rde8 22. Qc2 Kh8 23. Rae1 Rc8 24. Rf2 b5 25. b3 bxc4 26. bxc4 Rc5 27. Qd2 Be6 28. Qe2 Rcc8 29. Ref1 Rce8 30. Qc2 Rf7 31. fxe5 Rxf2 32. Rxf2 dxe5 33. Nf6 Bxf6 34. Rxf6 Kg7 35. Rf1 h5 36. Rb1 Rc8 37. Qe2 Qd6 38. Re1 Rc5 39. Be4 Bf7 40. Bd5 Bxd5 41. Qxe5+ Qxe5 42. Rxe5 Kf6 43. Rxd5 Rxd5 44. cxd5 Ke5 45. Kg2 Kxd5 46. Kf3 Ke5 47. h4 Kf5 48. Kf2 g5 49. hxg5 Kxg5 50. Kf3 Kf5 51. Kf2 Ke5 52. Kf3 Kf5 53. Kf2 1/2-1/2

[Event "Mecklenburg VP LL2 West 1415"]
[Site "Mecklenburg VP"]
[Date "2014.12.07"]
[Round "4.4"]
[White "Leisner, Ekkehardt"]
[Black "Freitag, Werner"]
[Result "1/2-1/2"]
[WhiteElo "1616"]
[BlackElo "1709"]
[PlyCount "71"]
[EventDate "2014.09.21"]
[EventType "team-tourn"]
[EventRounds "9"]
[EventCountry "GER"]
[SourceTitle "EXT 2022"]
[Source "ChessBase"]
[SourceDate "2021.10.06"]
[SourceVersion "1"]
[SourceVersionDate "2021.10.06"]
[SourceQuality "1"]
[WhiteTeam "Neubrandenburg SG Eintracht II"]
[BlackTeam "Neukloster VfL Blau Weiss"]
[WhiteTeamCountry "GER"]
[BlackTeamCountry "GER"]

1. c4 c5 2. Nc3 Nc6 3. g3 b6 4. Bg2 Bb7 5. e4 e5 6. d3 Nf6 7. Nge2 d6 8. 0-0 Be7 9. f4 0-0 10. Nd5 Nxd5 11. exd5 Nd4 12. Nxd4 exd4 13. Bd2 f5 14. b4 a6 15. Rb1 Qc7 16. Re1 Rae8 17. Qa4 Kf7 18. bxc5 bxc5 19. Ba5 Qc8 20. Rb6 Bd8 21. Rxd6 Bxa5 22. Qxa5 Rxe1+ 23. Qxe1 Re8 24. Qd1 Re3 25. Rb6 Qc7 26. Qb3 Bc8 27. d6 Qd8 28. Bd5+ Kf8 29. Rb8 Qe8 30. Qd1 Re1+ 31. Qxe1 Qxe1+ 32. Kg2 Qe2+ 33. Kh3 Qh5+ 34. Kg2 Qe2+ 35. Kh3 Qh5+ 36. Kg2 1/2-1/2

[Event "Mecklenburg VP LL2 West 1415"]
[Site "Mecklenburg VP"]
[Date "2014.09.21"]
[Round "1.5"]
[White "Leisner, Ekkehardt"]
[Black "Thiel, Bernd Peter"]
[Result "1/2-1/2"]
[WhiteElo "1616"]
[BlackElo "1636"]
[PlyCount "30"]
[EventDate "2014.09.21"]
[EventType "team-tourn"]
[EventRounds "9"]
[EventCountry "GER"]
[SourceTitle "EXT 2022"]
[Source "ChessBase"]
[SourceDate "2021.10.06"]
[SourceVersion "1"]
[SourceVersionDate "2021.10.06"]
[SourceQuality "1"]
[WhiteTeam "Neubrandenburg SG Eintracht II"]
[BlackTeam "Schwerin SV Einheit"]
[WhiteTeamCountry "GER"]
[BlackTeamCountry "GER"]

1. c4 f5 2. g3 g6 3. Bg2 Bg7 4. d4 Nf6 5. Nc3 d6 6. e3 0-0 7. Nge2 c6 8. 0-0 Qe8 9. b3 e5 10. Bb2 Nh5 11. Qd2 Na6 12. a3 Bd7 13. Rad1 Rd8 14. Rfe1 Qe7 15. d5 c5 1/2-1/2

[Event "Rostock SSC op 12th"]
[Site "Rostock"]
[Date "2013.08.04"]
[Round "7"]
[White "Leisner, Ekkehardt"]
[Black "Rozhanskyy, Oleksiy"]
[Result "1/2-1/2"]
[WhiteElo "1588"]
[BlackElo "1199"]
[PlyCount "112"]
[EventDate "2013.07.31"]
[EventType "swiss"]
[EventRounds "7"]
[EventCountry "GER"]
[SourceTitle "EXT 2018"]
[Source "ChessBase"]
[SourceDate "2017.10.13"]
[SourceVersion "1"]
[SourceVersionDate "2017.10.13"]
[SourceQuality "1"]

1. c4 e5 2. g3 Nf6 3. Bg2 Nc6 4. Nc3 d6 5. e3 Bd7 6. Nge2 Rb8 7. b3 g6 8. 0-0 Bg7 9. Bb2 0-0 10. d4 exd4 11. exd4 Re8 12. Qd2 Ne7 13. b4 a6 14. a4 Bf5 15. d5 c6 16. Nd4 Qc8 17. Nxf5 Nxf5 18. Qd3 Qd7 19. Ra2 Re7 20. Ne4 Nxe4 21. Bxe4 Rbe8 22. dxc6 bxc6 23. Bxf5 Qxf5 24. Qxf5 gxf5 25. Bxg7 Kxg7 26. Rd2 Rd7 27. Rfd1 Red8 28. b5 axb5 29. axb5 cxb5 30. cxb5 Kg6 31. Rd5 Kf6 32. Kg2 Ke6 33. Kf3 Rc8 34. h4 Rc4 35. R1d4 Rc5 36. Rxc5 dxc5 37. Rxd7 Kxd7 38. Ke3 Kd6 39. Kd3 Kd5 40. f3 c4+ 41. Kc3 Kc5 42. b6 Kxb6 43. Kxc4 Kc6 44. Kd4 Kd6 45. g4 fxg4 46. fxg4 Ke6 47. Ke4 h6 48. Kf4 Kf6 49. Ke4 Ke6 50. Kf4 Kf6 51. Kg3 Ke5 52. Kf3 f5 53. Kg3 fxg4 54. Kxg4 Kf6 55. h5 Kg7 56. Kf5 Kf7 1/2-1/2

[Event "Rostock SSC op 12th"]
[Site "Rostock"]
[Date "2013.08.02"]
[Round "5"]
[White "Leisner, Ekkehardt"]
[Black "Raitza, Egon"]
[Result "1/2-1/2"]
[WhiteElo "1588"]
[BlackElo "1856"]
[PlyCount "142"]
[EventDate "2013.07.31"]
[EventType "swiss"]
[EventRounds "7"]
[EventCountry "GER"]
[SourceTitle "EXT 2018"]
[Source "ChessBase"]
[SourceDate "2017.10.13"]
[SourceVersion "1"]
[SourceVersionDate "2017.10.13"]
[SourceQuality "1"]

1. c4 Nf6 2. Nc3 e6 3. g3 d5 4. e3 c6 5. b3 Be7 6. Bg2 0-0 7. d4 Nbd7 8. Nge2 Qc7 9. 0-0 dxc4 10. bxc4 Nb6 11. Qb3 e5 12. d5 cxd5 13. cxd5 Bd7 14. Rb1 Rab8 15. Rd1 Bd6 16. Ba3 Nc4 17. Bxd6 Nxd6 18. Rdc1 Qa5 19. Qb4 Qxb4 20. Rxb4 Rfc8 21. Rcb1 Rc7 22. e4 b6 23. f3 Rbc8 24. R1b3 Nfe8 25. a4 Rc4 26. Rxc4 Rxc4 27. Ra3 Rb4 28. Nc1 a6 29. Nd3 Nc4 30. Nxb4 Nxa3 31. Nxa6 Nd6 32. Bf1 Kf8 33. Kf2 Ke7 34. Ke1 Nc2+ 35. Kd2 Nd4 36. Be2 f6 37. Nb4 Kd8 38. Nd3 Nc4+ 39. Ke1 Nd6 40. Nb2 b5 41. axb5 Nxe2 42. Kxe2 Nxb5 43. Nxb5 Bxb5+ 44. Ke3 Kd7 45. Nd3 Kd6 46. f4 exf4+ 47. gxf4 g5 48. Nf2 Bd7 49. fxg5 fxg5 50. Kd4 h5 51. e5+ Ke7 52. Ne4 g4 53. Ke3 h4 54. Kf4 g3 55. hxg3 h3 56. Nf2 h2 57. g4 Bb5 58. Kg3 Bc4 59. Kxh2 Bxd5 60. Nd3 Ke6 61. Kg3 Bc4 62. Nf2 Kxe5 63. Nh3 Kf6 64. Kh4 Kg6 65. Nf4+ Kg7 66. g5 Bb3 67. Kg3 Bd1 68. Kf2 Bc2 69. Ke3 Bb1 70. Kd4 Bc2 71. Ke5 Bb1 1/2-1/2

[Event "Mecklenburg VP LL2 Ost 1213"]
[Site "Mecklenburg VP"]
[Date "2012.12.09"]
[Round "4.8"]
[White "Leisner, Ekkehardt"]
[Black "Wagner, Swenja"]
[Result "1/2-1/2"]
[WhiteElo "1672"]
[BlackElo "1076"]
[PlyCount "78"]
[EventDate "2012.10.14"]
[EventType "team-tourn"]
[EventRounds "9"]
[EventCountry "GER"]
[SourceTitle "EXT 2022"]
[Source "ChessBase"]
[SourceDate "2021.10.06"]
[SourceVersion "1"]
[SourceVersionDate "2021.10.06"]
[SourceQuality "1"]
[WhiteTeam "Neubrandenburg SV Turbine"]
[BlackTeam "Gryps SV"]
[WhiteTeamCountry "GER"]
[BlackTeamCountry "GER"]

1. c4 c5 2. Nc3 Nc6 3. g3 e6 4. Bg2 Nf6 5. e4 Be7 6. Nge2 b6 7. d3 Bb7 8. h3 d6 9. Be3 e5 10. 0-0 h5 11. f3 Bc8 12. Nd5 Nxd5 13. cxd5 Nd4 14. Qd2 Nxe2+ 15. Qxe2 g5 16. f4 exf4 17. gxf4 g4 18. f5 gxh3 19. Bxh3 Bf6 20. Kh1 Ba6 21. Rad1 Kd7 22. Rg1 h4 23. Bf4 Bd4 24. Rg4 Qf6 25. b3 Rag8 26. Qg2 Rg7 27. Rxg7 Kc7 28. Qg5 Qxg7 29. Qe7+ Kb8 30. Qxd6+ Ka8 31. Qc6+ Bb7 32. Qc7 Qf8 33. Be5 Bxe5 34. Qxe5 Qh6 35. Qh2 Qf6 36. Qf2 Rg8 37. Rg1 Rxg1+ 38. Kxg1 Ba6 39. Bg2 Bc8 1/2-1/2